Library Banner

The separation of East Pakistan (Record no. 70458)

MARC details
000 -LEADER
fixed length control field 00470nam a22001577a 4500
005 - DATE AND TIME OF LATEST TRANSACTION
control field 20150427124227.0
008 - FIXED-LENGTH DATA ELEMENTS--GENERAL INFORMATION
fixed length control field 150427b xxu||||| |||| 00| 0 eng d
020 ## - INTERNATIONAL STANDARD BOOK NUMBER
International Standard Book Number 0195775929
040 ## - CATALOGING SOURCE
Transcribing agency PK-LaUMT
082 ## - DEWEY DECIMAL CLASSIFICATION NUMBER
Classification number KHC 954.9205
Item number HAS-S
100 ## - MAIN ENTRY--PERSONAL NAME
Personal name Hasan Zaheer
245 ## - TITLE STATEMENT
Title The separation of East Pakistan
Remainder of title the rise and realization of Bengali Muslim nationalism
Statement of responsibility, etc Hasan Zaheer
260 ## - PUBLICATION, DISTRIBUTION, ETC. (IMPRINT)
Place of publication, distribution, etc Karachi
Name of publisher, distributor, etc Oxford university press
Date of publication, distribution, etc 1994
300 ## - PHYSICAL DESCRIPTION
Extent 511 p.
942 ## - ADDED ENTRY ELEMENTS (KOHA)
Koha item type Books
Holdings
Withdrawn status Lost status Damaged status Home library Current library Date acquired Full call number Barcode Date last seen Price effective from Koha item type
      UMT Main Campus UMT Main Campus 2015-04-27 KHC 954.9205 HAS-S 68263 2015-04-27 2015-04-27 Books